| 000 | 01308nam a2200253Ia 4500 | ||
|---|---|---|---|
| 003 | OSt | ||
| 005 | 20210419115017.0 | ||
| 008 | 210310s1963 eu gr 100 0 eng d | ||
| 040 |
_aCO-JMCR _cCO-JMCR |
||
| 041 | 0 | _aeng | |
| 082 | 0 | 4 |
_a336.200973 / _bC748f _223 |
| 111 |
_aConference Program of the National Committe _d(1962 : _cWashington) _936964 |
||
| 245 | 1 | 0 |
_aFederal tax treatment of state and local securities / _cConference Program of the National Committe ; David J. Ott, Allan H. Meltzer |
| 260 |
_aWashington : _bThe Brookings Institution, _c1963 |
||
| 300 |
_bxiv, 146 páginas ; _c23 cm. |
||
| 490 | 0 | _aStudies of Government Finance | |
| 500 | _aIncluye notas a pie de página. | ||
| 505 | 0 | _aIntroduction and summary -- The Issues -- Yield Differential on taxable and tax-exempt securities -- New estimates of interest saving -- Revenue implication -- Outstanding state and local debt -- State distribution of tax exempition benefits and alternative subsidies -- Summary of discussion at the experts conference | |
| 650 | 1 | 5 |
_aImpuestos _914910 _xCongresos, conferencias, etc. _zEstados Unidos |
| 650 | 2 | 5 |
_aPolítica fiscal _xCongresos, conferencias, etc. _zEstados Unidos _936965 |
| 700 | 1 |
_aOtt, David J., _eautor _936966 |
|
| 700 | 1 |
_aMeltzer, Allan H., _eautor _936967 |
|
| 942 |
_2ddc _cBK |
||
| 999 |
_c7602 _d7602 |
||